| 000 | 00362nam a2200145Ia 4500 | ||
|---|---|---|---|
| 005 | 20251222152032.0 | ||
| 008 | 251222s9999||||xx |||||||||||||| ||spa|| | ||
| 020 | _a8497931254 | ||
| 082 | _a823.914/P43 | ||
| 100 | _aPerry, Anne | ||
| 245 | 0 | _aLos Cadáveres de Callander Square | |
| 250 | _a2da. ed. | ||
| 264 | _bRandom House Mondadori, S.A. | ||
| 942 | _cLIB | ||
| 999 |
_c25721 _d25721 |
||